| 000 | 00828nam a22002177a 4500 | ||
|---|---|---|---|
| 005 | 20241024100402.0 | ||
| 008 | 241024e ||||| |||| 00| 0 spa d | ||
| 020 | _a9788423432219 | ||
| 040 |
_aCO-BoUCM _cDavid Moreno _dDavid Moreno |
||
| 041 | _aspa | ||
| 100 | 1 |
_aSachs, Jeffrey _d1954- _978678 |
|
| 245 | 1 | 4 |
_aLas edades de la globalización _bgeografía, tecnología e instituciones _cJeffrey D.Sachs |
| 250 | _a1a. Ed | ||
| 260 |
_aBarcelona, Español _bEdiciones Deusto _c2021 |
||
| 300 |
_a328 Páginas, 24 láminas sin enumerar _bmapas (color) |
||
| 650 | 1 | 4 |
_aGlobalización _xHistoria _9183622 |
| 650 | 1 | 4 |
_aRelaciones internacionales _vHistoria _9183623 |
| 700 | 1 |
_aPuertollano, Verónica _etraductor _9183624 |
|
| 942 |
_2DEWEY _a6 _cLIBRO _e1 _h303.482 _mS121 _n0 |
||
| 999 |
_c324964 _d324964 |
||